UBT Library

The secret language of money : (Record no. 876)

000 -LEADER
fixed length control field 00595nam a22001817a 4500
008 - FIXED-LENGTH DATA ELEMENTS--GENERAL INFORMATION
fixed length control field 150521b xxu||||| |||| 00| 0 eng d
020 ## - INTERNATIONAL STANDARD BOOK NUMBER
International Standard Book Number 9780071623391
041 0# - LANGUAGE CODE
Language code of text/sound track or separate title eng
080 ## - UNIVERSAL DECIMAL CLASSIFICATION NUMBER
Universal Decimal Classification number 332
100 1# - Rafti
Rafti Krueger, David W.
245 14 - TITLE STATEMENT
Title The secret language of money :
Statement of responsibility, etc David Krueger, with John David Mann.
260 ## -
-- New York :
-- McGraw-Hill,
-- c2009.
300 ## -
-- 280 f. ;
-- 24 cm.
650 #0 -
-- Financa
-- Aspektet psikologjike
650 #0 -
-- Investime
-- Aspektet psikologjike
700 1# -
-- Mann, John David.
942 ## - ADDED ENTRY ELEMENTS (KOHA)
Source of classification or shelving scheme
Item type Books
Holdings
Withdrawn status Lost status Source of classification or shelving scheme Damaged status Not for loan Collection code Permanent location Current location Shelving location Date acquired Total Checkouts Full call number Barcode Date last seen Koha item type Price effective from
          Koleksioni i përgjithshem UBT - Lipjan UBT - Lipjan Koleksioni i përgjithshem 05/21/2015   332 KRU 002-008291 05/21/2015 Books  
          Koleksioni i përgjithshem UBT - Lipjan UBT - Lipjan Koleksioni i përgjithshem 10/12/2015   332 KRU 002-008290 10/12/2015 Books 10/12/2015
          Koleksioni i përgjithshem UBT - Lipjan UBT - Lipjan Koleksioni i përgjithshem 08/31/2018   336 KRU 002-3011569 08/31/2018 Books 08/31/2018
          Koleksioni i përgjithshem UBT - Lipjan UBT - Lipjan Koleksioni i përgjithshem 08/31/2018   336 KRU 002-3011564 08/31/2018 Books 08/31/2018
          Koleksioni i përgjithshem UBT - Lipjan UBT - Lipjan Koleksioni i përgjithshem 08/31/2018   336 KRU 002-3011559 08/31/2018 Books 08/31/2018
          Koleksioni i përgjithshem UBT - Lipjan UBT - Lipjan Koleksioni i përgjithshem 08/31/2018   336 KRU 002-3011554 08/31/2018 Books 08/31/2018
          Koleksioni i përgjithshem UBT - Lipjan UBT - Lipjan Koleksioni i përgjithshem 08/31/2018   336 KRU 002-3011549 08/31/2018 Books 08/31/2018
          Koleksioni i përgjithshem UBT - Lipjan UBT - Lipjan Koleksioni i përgjithshem 08/31/2018   336 KRU 002-3011544 08/31/2018 Books 08/31/2018
          Koleksioni i përgjithshem UBT - Lipjan UBT - Lipjan Koleksioni i përgjithshem 08/31/2018   336 KRU 002-3011568 08/31/2018 Books 08/31/2018
          Koleksioni i përgjithshem UBT - Lipjan UBT - Lipjan Koleksioni i përgjithshem 08/31/2018   336 KRU 002-3011563 08/31/2018 Books 08/31/2018
          Koleksioni i përgjithshem UBT - Lipjan UBT - Lipjan Koleksioni i përgjithshem 08/31/2018   336 KRU 002-3011558 08/31/2018 Books 08/31/2018
UBT Library © 2015-2024. All rights reserved University Education for Business and Technology